[Event "AUTO-OPEN-224"]
[Site "http://www.queenalice.com/game.php?id=54034"]
[Date "2006.2.21"]
[Round "1"]
[White "deep"]
[Black "Pantera"]
[Result "1-0"]
[WhiteElo "1789"]
[BlackElo "1605"]

1. e4 e5 2. Nf3 h5 3. Bc4 Qe7 4. Nc3 Rh6 5. Nd5 Qc5 6. d3 Rg6 7. Rg1 b5 8. Be3
Qb4+ 9. Nxb4 Bxb4+ 10. c3 Ba5 11. Bxb5 a6 12. Bc4 c6 13. Nxe5 d5 14. Nxg6 fxg6
15. exd5 cxd5 16. Bxd5 Nf6 17. Bxa8 Bg4 18. Qa4+ Nbd7 19. Qxa5 Bf5 20. Bc6 Bxd3
21. Bxd7+ Nxd7 22. Rd1 Bb5 23. a4 Bc4 24. Bg5 Kf7 25. Rxd7+ Ke6 26. Rxg7 1-0

[Event "AUTO-ADV-141"]
[Site "http://www.queenalice.com/game.php?id=54179"]
[Date "2006.2.22"]
[Round "1"]
[White "Salvador"]
[Black "Pantera"]
[Result "1-0"]
[WhiteElo "1339"]
[BlackElo "1258"]

1. e4 e5 2. d4 exd4 3. Qxd4 Nc6 4. Nf3 Nxd4 5. Nxd4 Bc5 6. Nb3 Bb6 7. Nc3 Qf6 8.
Bd3 Qxf2+ 9. Kd1 Qxg2 10. Rf1 Qxh2 11. Bf4 1-0

[Event "AUTO-ADV-141"]
[Site "http://www.queenalice.com/game.php?id=54180"]
[Date "2006.2.22"]
[Round "1"]
[White "Pantera"]
[Black "Salvador"]
[Result "0-1"]
[WhiteElo "1245"]
[BlackElo "1352"]

1. e4 d5 2. exd5 Qxd5 3. Qf3 Qe5+ 4. Be2 Nf6 5. Nc3 Nc6 6. Qe3 Qxe3 7. dxe3 e5
8. Nb5 Kd7 9. f4 Nb4 10. Kd1 Ne4 11. Bg4+ Kc6 0-1

[Event "AUTO-ADV-141"]
[Site "http://www.queenalice.com/game.php?id=54195"]
[Date "2006.2.22"]
[Round "1"]
[White "Pantera"]
[Black "nikos"]
[Result "0-1"]
[WhiteElo "1318"]
[BlackElo "1563"]

1. e4 e5 2. b3 Nf6 3. d3 Nc6 4. c4 Bc5 5. Nh3 d6 6. g3 Bd4 7. Na3 Bxa1 8. Bd2
Bd4 9. Ng5 h6 10. Nf3 Bg4 0-1

[Event "AUTO-ADV-141"]
[Site "http://www.queenalice.com/game.php?id=54197"]
[Date "2006.2.22"]
[Round "1"]
[White "Pantera"]
[Black "retalhador"]
[Result "0-1"]
[WhiteElo "1387"]
[BlackElo "1819"]

1. e4 c5 2. Bc4 e6 3. f4 d5 4. exd5 exd5 5. Bb5+ Bd7 6. a4 Bxb5 7. axb5 Bd6 8.
Nc3 Bxf4 9. Nh3 Bc7 10. d3 Qh4+ 11. Nf2 Ne7 12. Ra4 d4 13. Qf3 O-O 14. g3 Qf6
15. Nce4 Qxf3 16. Rf1 Nd5 17. Nh3 Qg2 0-1

[Event "AUTO-ADV-141"]
[Site "http://www.queenalice.com/game.php?id=54198"]
[Date "2006.2.22"]
[Round "1"]
[White "retalhador"]
[Black "Pantera"]
[Result "1-0"]
[WhiteElo "1817"]
[BlackElo "1387"]

1. e4 e5 2. Nf3 Nc6 3. Bc4 f6 4. d4 Nxd4 5. Nxd4 exd4 6. Qxd4 c5 7. Qd5 Qe7 8.
Nc3 Qe6 9. O-O a6 10. f4 Qxd5 11. Nxd5 Rb8 12. e5 fxe5 13. fxe5 d6 14. Bg5 h6
15. Bh4 g5 16. Bg3 Be6 17. Nc7+ Kd7 18. Nxe6 Ke7 19. exd6+ 1-0

[Event "AUTO-ADV-142"]
[Site "http://www.queenalice.com/game.php?id=54483"]
[Date "2006.2.24"]
[Round "1"]
[White "tenmaia"]
[Black "Pantera"]
[Result "1-0"]
[WhiteElo "1493"]
[BlackElo "1285"]

1. d4 e5 2. dxe5 Bb4+ 3. c3 Ba5 4. b4 Bb6 5. Nf3 Nh6 6. Bxh6 gxh6 7. a4 c5 8. b5
Ba5 9. e4 O-O 10. Nh4 Qxh4 11. Qe2 1-0

[Event "AUTO-ADV-142"]
[Site "http://www.queenalice.com/game.php?id=54484"]
[Date "2006.2.24"]
[Round "1"]
[White "Pantera"]
[Black "tenmaia"]
[Result "0-1"]
[WhiteElo "1277"]
[BlackElo "1501"]

1. e4 e5 2. Nf3 d6 3. Bc4 Bg4 4. h3 Bxf3 5. gxf3 Nf6 6. f4 Nxe4 7. fxe5 dxe5 8.
Qf3 Nf6 9. Rg1 Nc6 10. d3 Nd4 0-1

[Event "AUTO-ADV-142"]
[Site "http://www.queenalice.com/game.php?id=54499"]
[Date "2006.2.24"]
[Round "1"]
[White "retalhador"]
[Black "Pantera"]
[Result "1-0"]
[WhiteElo "1815"]
[BlackElo "1387"]

1. d4 e5 2. dxe5 Bc5 3. Nf3 Nh6 4. Bxh6 gxh6 5. Qd5 d6 6. Nc3 c6 7. Qd2 dxe5 8.
Qxh6 Bf5 9. e4 Bg6 10. Nxe5 Bf8 11. Qh3 Bd6 12. Nxg6 fxg6 13. O-O-O 1-0

[Event "AUTO-ADV-142"]
[Site "http://www.queenalice.com/game.php?id=54500"]
[Date "2006.2.24"]
[Round "1"]
[White "Pantera"]
[Black "retalhador"]
[Result "0-1"]
[WhiteElo "1287"]
[BlackElo "1797"]

1. e4 e5 2. Bc4 c6 3. Qf3 Nf6 4. Nh3 d5 5. exd5 cxd5 6. Bb5+ Bd7 7. a4 Bxb5 8.
d3 e4 9. dxe4 dxe4 10. Qc3 Ba6 11. b4 Nc6 12. b5 Bb4 0-1

[Event "AUTO-OPEN-226"]
[Site "http://www.queenalice.com/game.php?id=54572"]
[Date "2006.2.24"]
[Round "1"]
[White "Pantera"]
[Black "tenmaia"]
[Result "0-1"]
[WhiteElo "1264"]
[BlackElo "1514"]

1. e4 e5 2. Nf3 d6 3. Bc4 Bg4 4. h3 Bxf3 5. gxf3 Qg5 6. d4 Qg2 7. Ke2 Nf6 8. Qg1
Qxg1 9. Rxg1 Nc6 10. d5 Nd4+ 0-1

[Event "AUTO-INT-77"]
[Site "http://www.queenalice.com/game.php?id=54627"]
[Date "2006.2.24"]
[Round "1"]
[White "BaronFel"]
[Black "Pantera"]
[Result "1-0"]
[WhiteElo "1469"]
[BlackElo "1296"]

1. e4 e5 2. f4 exf4 3. Nf3 h5 4. Bc4 Nf6 5. Ng5 d5 6. Bxd5 Nxd5 7. exd5 Qxg5 8.
O-O Bc5+ 9. Kh1 f3 10. Qxf3 f5 11. d4 Bxd4 12. Bxg5 Rf8 13. Re1+ Kd7 14. Re7+
Kd6 15. Nc3 c6 16. Rae1 Kc5 17. Na4+ Kb5 18. Qb3+ Ka5 19. Bd2+ Ka6 20. Qc4+ 1-0

[Event "AUTO-INT-77"]
[Site "http://www.queenalice.com/game.php?id=54641"]
[Date "2006.2.24"]
[Round "1"]
[White "Jomaley"]
[Black "Pantera"]
[Result "1-0"]
[WhiteElo "1367"]
[BlackElo "1310"]

1. Nc3 e5 2. e4 Bc5 3. Nf3 d6 4. b3 c6 5. Bc4 h6 6. Na4 b5 7. Nxc5 dxc5 8. Bd3
Be6 9. Nxe5 f6 10. Ng6 Rh7 11. Qh5 1-0

[Event "AUTO-INT-77"]
[Site "http://www.queenalice.com/game.php?id=54642"]
[Date "2006.2.24"]
[Round "1"]
[White "Pantera"]
[Black "Jomaley"]
[Result "0-1"]
[WhiteElo "1325"]
[BlackElo "1352"]

1. e4 e5 2. Nf3 f6 3. d4 exd4 4. Nxd4 d6 5. Nf3 Bg4 6. Bc4 Ne7 7. h3 Bh5 8. g4
Bg6 9. h4 Bxe4 10. h5 h6 11. Rh3 Nec6 12. Nd4 a6 13. f3 Qe7 0-1

[Event "AUTO-INT-77"]
[Site "http://www.queenalice.com/game.php?id=54649"]
[Date "2006.2.24"]
[Round "1"]
[White "philb"]
[Black "Pantera"]
[Result "1-0"]
[WhiteElo "1230"]
[BlackElo "1339"]

1. h4 d5 2. h5 g5 3. hxg6 fxg6 4. d4 e5 5. Nf3 e4 6. Ne5 Ne7 7. e3 Bg7 8. Rh4 g5
9. Qh5+ Ng6 10. Nxg6 hxg6 11. Qxg6+ Kf8 12. Qxg5 Qxg5 13. g3 Rxh4 14. gxh4 Qg1
15. Nd2 Bg4 16. b3 Nc6 17. Ba3+ Ne7 18. f3 Bf5 19. c4 exf3 20. Nxf3 Qh1 21.
O-O-O Qxf3 22. cxd5 Qxd5 23. Rd2 Qc6+ 24. Bc5 b6 25. d5 Qxc5+ 26. Rc2 1-0

[Event "AUTO-INT-77"]
[Site "http://www.queenalice.com/game.php?id=54650"]
[Date "2006.2.24"]
[Round "1"]
[White "Pantera"]
[Black "philb"]
[Result "0-1"]
[WhiteElo "1362"]
[BlackElo "1208"]

1. e4 e6 2. Nf3 g5 3. b4 c6 4. Bb2 f6 5. e5 g4 6. Nh4 Qb6 7. a3 f5 8. a4 Qxb4 9.
Bc3 Qe4+ 10. Be2 Bc5 11. d3 Qd5 12. f4 Bb6 13. h3 h5 14. d4 Bxd4 15. Bxd4 c5 16.
Bf2 c4 17. Ra3 Qa5+ 18. c3 Ne7 19. Bxc4 b6 20. g3 Bb7 21. Rg1 Bf3 22. Qd6 Nc8
23. Qb4 Qxb4 24. Bd3 Qb2 25. Nxf3 Na6 0-1